[Event "Pyramiden Cup 2015"]
[Site "Fuerth"]
[Date "2015.09.03"]
[Round "1.28"]
[White "Bunk, Karsten"]
[Black "Weber, Samuel"]
[Result "1-0"]
[WhiteElo "2090"]
[BlackElo "1936"]
[PlyCount "63"]
[EventDate "2015.??.??"]
[WhiteTeam "SW Nürnberg Süd"]
[BlackTeam "SC Flörsheim"]

1. c4 e6 2. g3 d5 3. Bg2 c5 4. Nf3 Nc6 5. O-O Nf6 6. b3 Be7 7. cxd5 exd5 8. Bb2
O-O 9. d4 Be6 10. Nbd2 Rc8 11. dxc5 Bxc5 12. Rc1 Be7 13. e3 Qa5 14. a3 Rfd8 15.
Qe2 Qb6 16. b4 a5 17. b5 Nb8 18. Nd4 Nbd7 19. N2f3 Bg4 20. h3 Be6 21. Rc2 Rxc2
22. Qxc2 Nc5 23. Nf5 Bxf5 24. Qxf5 Qxb5 25. Rb1 Nce4 26. Ng5 Qd3 27. Bxe4 dxe4
28. Rc1 Qd2 29. Rc7 Qxb2 30. Rxe7 Rd1+ 31. Kg2 Qc1 32. Re8+ 1-0

[Event "Pyramiden Cup 2015"]
[Site "Fuerth"]
[Date "2015.09.03"]
[Round "1.29"]
[White "Meyer, Nico"]
[Black "Kroneder, Christian"]
[Result "1/2-1/2"]
[WhiteElo "1437"]
[BlackElo "2045"]
[PlyCount "84"]
[EventDate "2015.??.??"]
[WhiteTeam "SC Bechhofen"]
[BlackTeam "SK Schwanstetten"]

1. e4 c5 2. Nf3 d6 3. Bb5+ Bd7 4. Bxd7+ Qxd7 5. O-O Nc6 6. c3 Nf6 7. d3 g6 8.
Re1 Bg7 9. Be3 O-O 10. Nbd2 Ng4 11. h3 Nxe3 12. fxe3 b5 13. d4 Qc7 14. Qe2 Rab8
15. a3 a5 16. Rac1 Qa7 17. Red1 Rfc8 18. Ne1 Rc7 19. Nd3 cxd4 20. cxd4 Bxd4 21.
exd4 Nxd4 22. Qf2 Ne2+ 23. Kf1 Qxf2+ 24. Kxf2 Nxc1 25. Nxc1 Rbc8 26. Nd3 Kf8
27. Ke3 Rc2 28. g3 e6 29. Nb3 b4 30. Nd4 Rh2 31. axb4 axb4 32. h4 Ke7 33. Ra1
e5 34. Ra7+ Kf8 35. Nb5 Rcc2 36. Nxd6 Rce2+ 37. Kf3 Rd2 38. Rxf7+ Kg8 39. Ke3
Rhe2+ 40. Kf3 Rh2 41. Ke3 Rhe2+ 42. Kf3 Rh2 1/2-1/2

[Event "Pyramiden Cup 2015"]
[Site "Fuerth"]
[Date "2015.09.03"]
[Round "1.30"]
[White "Weber, Bernhard"]
[Black "Kahlert, Thomas"]
[Result "0-1"]
[WhiteElo "1899"]
[BlackElo "2178"]
[PlyCount "52"]
[EventDate "2015.??.??"]
[WhiteTeam "SG Siebengebirge"]
[BlackTeam "SK Norderstedt"]

1. e4 e5 2. Nf3 Nc6 3. Bb5 a6 4. Ba4 Nf6 5. d4 exd4 6. O-O Be7 7. Re1 b5 8. e5
Nxe5 9. Nxe5 bxa4 10. Qxd4 O-O 11. Qxa4 Rb8 12. c4 Rb6 13. Nc3 Bb7 14. a3 Re6
15. Bg5 Bd6 16. f4 Bc5+ 17. Kh1 Qa8 18. Qc2 Rfe8 19. Rad1 Ng4 20. Bh4 Ne3 21.
Rxe3 Bxe3 22. Rxd7 Bxf4 23. Qf5 Bxg2+ 24. Kg1 Bxe5 25. Qxf7+ Kh8 26. Bg3 Bxc3
0-1

[Event "Pyramiden Cup 2015"]
[Site "Fuerth"]
[Date "2015.09.03"]
[Round "1.31"]
[White "Nagel, Felix"]
[Black "Hoermann, Gunther"]
[Result "0-1"]
[WhiteElo "1784"]
[BlackElo "2092"]
[PlyCount "64"]
[EventDate "2015.??.??"]
[WhiteTeam "SC And Nbg"]
[BlackTeam "TSV Cadolzburg"]

1. d4 Nf6 2. c4 e6 3. Nf3 b6 4. g3 Ba6 5. b3 d5 6. Nbd2 c5 7. Bg2 Nc6 8. Bb2
Be7 9. O-O Rc8 10. cxd5 exd5 11. Re1 O-O 12. Rc1 Re8 13. dxc5 bxc5 14. Bxf6
Bxf6 15. Rxc5 Nb4 16. Qc1 Qb6 17. Rxc8 Rxc8 18. Qb1 Rc2 19. a3 Rb2 20. Qc1 Nc2
21. e4 Nxe1 22. Nxe1 Ra2 23. Bf1 Ra1 24. Nb1 dxe4 25. Bxa6 Qxa6 26. Nc2 Qc8 27.
Qd1 Ra2 28. Nb4 Rb2 29. Qe1 Qf5 30. Kg2 Qf3+ 31. Kg1 e3 32. Nd3 Bd4 0-1

[Event "Pyramiden Cup 2015"]
[Site "Fuerth"]
[Date "2015.09.03"]
[Round "1.33"]
[White "Shen, Julian"]
[Black "Eiber, Manfred"]
[Result "0-1"]
[WhiteElo "1815"]
[BlackElo "2154"]
[PlyCount "82"]
[EventDate "2015.??.??"]
[WhiteTeam "SK Rothenburg"]
[BlackTeam "SW Nürnberg Süd"]

1. e4 g6 2. d4 Bg7 3. Nc3 d6 4. Bg5 Nd7 5. f4 c5 6. dxc5 Nxc5 7. e5 Qa5 8. Bb5+
Bd7 9. Bxd7+ Nxd7 10. Qd5 Qb6 11. Qb5 dxe5 12. O-O-O Rd8 13. fxe5 Qxb5 14. Nxb5
Bxe5 15. Nf3 Bb8 16. Rhe1 h6 17. Be3 a6 18. Nc3 e5 19. Bf4 f6 20. Bg3 Ne7 21.
Ne4 Kf7 22. Rf1 Rhe8 23. Bf2 f5 24. Nc5 Nxc5 25. Bxc5 Rxd1+ 26. Rxd1 Ke6 27.
Bxe7 Kxe7 28. Nh4 Rg8 29. g3 Ke6 30. Re1 g5 31. Ng2 Ba7 32. Ne3 Bxe3+ 33. Rxe3
Rd8 34. b3 b5 35. Rc3 e4 36. Rc6+ Rd6 37. Rc8 f4 38. gxf4 gxf4 39. Rf8 Ke5 40.
Re8+ Kf5 41. Rf8+ Kg4 0-1

[Event "Pyramiden Cup 2015"]
[Site "Fuerth"]
[Date "2015.09.03"]
[Round "1.34"]
[White "Sailer, Wolfgang"]
[Black "Schulz, Siegfried"]
[Result "1-0"]
[WhiteElo "2127"]
[BlackElo "1928"]
[PlyCount "51"]
[EventDate "2015.??.??"]
[WhiteTeam "SK Ingolstadt"]
[BlackTeam "TSV Kirchenlaibach"]

1. e4 e6 2. d4 d5 3. Nd2 g6 4. Bd3 Bg7 5. c3 Nd7 6. Ne2 dxe4 7. Nxe4 Ngf6 8.
N2g3 b6 9. Bg5 h6 10. Nxf6+ Bxf6 11. Qf3 Rb8 12. Bf4 Bb7 13. Ne4 Bg7 14. Qg3
Rc8 15. O-O-O g5 16. h4 Nf6 17. Nxf6+ Bxf6 18. hxg5 Rg8 19. g6 Bg5 20. Rh5 fxg6
21. Rxg5 hxg5 22. Bxg5 Qd5 23. Qf4 Qd6 24. Qf6 Bxg2 25. Re1 Kd7 26. Bb5+ 1-0

[Event "Pyramiden Cup 2015"]
[Site "Fuerth"]
[Date "2015.09.03"]
[Round "1.35"]
[White "Moenius, Oliver"]
[Black "Redzepovic, Irfan"]
[Result "1-0"]
[WhiteElo "1725"]
[BlackElo "2139"]
[PlyCount "71"]
[EventDate "2015.??.??"]
[WhiteTeam "SC Höchstadt/Aisch"]
[BlackTeam "SW Nürnberg Süd"]

1. d4 d5 2. e3 Nf6 3. Bd3 c5 4. c3 Nc6 5. f4 e6 6. Nd2 Bd6 7. Ne2 Rb8 8. Nf3 b5
9. a4 b4 10. Bb5 Bd7 11. Ng3 Qa5 12. Bd2 a6 13. cxb4 Nxb4 14. Bxd7+ Nxd7 15.
O-O Qb6 16. Bc3 O-O 17. Ng5 c4 18. Nh5 Qd8 19. e4 Bxf4 20. Rxf4 Qxg5 21. Bd2
Qe7 22. Qg4 f6 23. Bxb4 Rxb4 24. Re1 dxe4 25. Rfxe4 e5 26. Qg3 Rxb2 27. Nxg7
Kh8 28. Nf5 Qf7 29. Rg4 Rbb8 30. Rg7 Qh5 31. Rxd7 Rg8 32. Qf2 c3 33. Ne7 Qf7
34. Qf5 Rg5 35. Qh3 c2 36. Nc6 1-0

[Event "Pyramiden Cup 2015"]
[Site "Fuerth"]
[Date "2015.09.03"]
[Round "1.36"]
[White "Lodes, Hermann"]
[Black "Vogel, Karlheinz"]
[Result "1-0"]
[WhiteElo "2129"]
[BlackElo "1706"]
[PlyCount "37"]
[EventDate "2015.??.??"]
[WhiteTeam "vereinslos"]
[BlackTeam "SV Böckingen"]

1. c4 f5 2. Nc3 Nf6 3. d4 g6 4. g3 Bg7 5. Bg2 O-O 6. Nf3 c6 7. d5 Qb6 8. O-O
Na6 9. Rb1 cxd5 10. Nxd5 Nxd5 11. Qxd5+ e6 12. Qd2 Nc5 13. Qc2 a5 14. b3 Ne4
15. Be3 Qc7 16. Nd4 Nd6 17. c5 Bxd4 18. Bxd4 Rb8 19. Be5 1-0

[Event "Pyramiden Cup 2015"]
[Site "Fuerth"]
[Date "2015.09.03"]
[Round "1.37"]
[White "Wieczorek, Heinz"]
[Black "Middelhoff, Cornelius"]
[Result "0-1"]
[WhiteElo "1806"]
[BlackElo "2114"]
[PlyCount "72"]
[EventDate "2015.??.??"]
[WhiteTeam "SW Nbg Süd"]
[BlackTeam "TSG Apolda"]

1. e4 c5 2. Nf3 Nc6 3. c3 Nf6 4. e5 Nd5 5. d4 cxd4 6. cxd4 d6 7. exd6 Bg4 8.
Be2 e6 9. Nc3 Nxc3 10. bxc3 Bxd6 11. Rb1 Qc7 12. Qb3 b6 13. Ba3 O-O 14. Bxd6
Qxd6 15. O-O Rac8 16. Rfe1 Qf4 17. Rbd1 h6 18. Qb2 Rfd8 19. g3 Qf6 20. Nh4 Bxe2
21. Qxe2 Rd7 22. Rd3 Rdc7 23. Rf3 Qd8 24. Ng2 Ne7 25. Rc1 Nd5 26. c4 Ne7 27.
Nf4 Qxd4 28. Nxe6 fxe6 29. Qxe6+ Kh8 30. Re1 Ng8 31. Re4 Qd7 32. Qe5 Rxc4 33.
Rxc4 Rxc4 34. Re3 Nf6 35. h3 Qxh3 36. Re1 Ng4 0-1

[Event "Pyramiden Cup 2015"]
[Site "Fuerth"]
[Date "2015.09.03"]
[Round "1.38"]
[White "Hornung, Hans"]
[Black "Wettermann, Bernd"]
[Result "1-0"]
[WhiteElo "2106"]
[BlackElo "1771"]
[PlyCount "91"]
[EventDate "2015.??.??"]
[WhiteTeam "SK Klosterlechfeld"]
[BlackTeam "FC Konradsreuth"]

1. Nf3 Nc6 2. d4 d5 3. c4 e6 4. Nc3 Nf6 5. Bg5 Be7 6. e3 h6 7. Bh4 Ne4 8. Bxe7
Nxe7 9. Qc2 Nxc3 10. Qxc3 a5 11. Rc1 O-O 12. Be2 Bd7 13. O-O c6 14. Rfd1 Nf5
15. Qa3 Qe7 16. Qxe7 Nxe7 17. Ne5 Rfd8 18. Bg4 Rac8 19. Kf1 Be8 20. Ke1 h5 21.
Bxh5 f6 22. Bxe8 fxe5 23. Bh5 e4 24. Bg4 Kf7 25. Rc3 Kf6 26. Rdc1 Nf5 27. cxd5
exd5 28. Rc5 Rh8 29. h3 Ra8 30. R1c3 Rhf8 31. Ra3 a4 32. Bd1 Kg5 33. Rxa4 Rxa4
34. Bxa4 Nh4 35. Kf1 Nf5 36. Kg1 Kh4 37. Bc2 g5 38. Kh2 g4 39. g3+ Kh5 40. Bd1
Nxe3 41. fxe3 Rf2+ 42. Kg1 Rxb2 43. Bxg4+ Kg5 44. a4 Rb3 45. Kf2 Rb2+ 46. Be2
1-0

[Event "Pyramiden Cup 2015"]
[Site "Fuerth"]
[Date "2015.09.03"]
[Round "1.39"]
[White "Cordts, Elof"]
[Black "Turner, Radek"]
[Result "0-1"]
[WhiteElo "1787"]
[BlackElo "2080"]
[PlyCount "74"]
[EventDate "2015.??.??"]
[WhiteTeam "SC Erlangen"]
[BlackTeam "TS Regensburger"]

1. c4 Nf6 2. Nc3 g6 3. Nf3 Bg7 4. d4 d6 5. e4 O-O 6. Be2 c6 7. O-O Nbd7 8. Bg5
h6 9. Be3 Qc7 10. Qd2 Kh7 11. Rac1 a6 12. Rfd1 Qa5 13. b3 c5 14. Nd5 Qxd2 15.
Nxf6+ Nxf6 16. Nxd2 Ng4 17. Bxg4 Bxg4 18. f3 cxd4 19. fxg4 dxe3 20. Nf3 Rac8
21. Kf1 f5 22. exf5 gxf5 23. gxf5 Rxf5 24. Ke2 h5 25. Rd3 Bh6 26. Rcd1 Rg8 27.
Rg1 Rgf8 28. h4 Kg6 29. Rgd1 R8f6 30. Rd5 Rf4 31. Rf1 e5 32. Rfd1 e4 33. Ng5
Rxh4 34. Nh3 Rg4 35. Rxd6 Rxg2+ 36. Ke1 Rd2 37. R1xd2 exd2+ 0-1

[Event "Pyramiden Cup 2015"]
[Site "Fuerth"]
[Date "2015.09.03"]
[Round "1.40"]
[White "Meulner, Klaus"]
[Black "Weissmann, Peter"]
[Result "1-0"]
[WhiteElo "2134"]
[BlackElo "1795"]
[PlyCount "69"]
[EventDate "2015.??.??"]
[WhiteTeam "SW Nürnberg Süd"]
[BlackTeam "SK Zirndorf"]

1. d4 Nf6 2. c4 e6 3. g3 d5 4. Bg2 Bb4+ 5. Bd2 Bxd2+ 6. Nxd2 O-O 7. Ngf3 Nbd7
8. Qc2 c6 9. O-O Re8 10. e4 Nxe4 11. Nxe4 dxe4 12. Qxe4 Nf6 13. Qf4 b5 14. Ne5
Bd7 15. cxb5 cxb5 16. Bxa8 Qxa8 17. Rfc1 Rf8 18. Qf3 Qb8 19. Nxd7 Nxd7 20. Qc6
Nf6 21. Rc5 Qd8 22. Rd1 Ng4 23. h3 Nh6 24. Qxb5 Qf6 25. Qb7 g5 26. Rc8 Rxc8 27.
Qxc8+ Kg7 28. Qc3 Qf5 29. d5+ e5 30. Re1 Qxh3 31. Qxe5+ Kg6 32. Qe4+ Kg7 33. d6
f5 34. Qe5+ Kg6 35. Qe8+ 1-0

[Event "Pyramiden Cup 2015"]
[Site "Fuerth"]
[Date "2015.09.03"]
[Round "1.41"]
[White "Abicht, Ruediger"]
[Black "Schrems, Hermann"]
[Result "1/2-1/2"]
[WhiteElo "1811"]
[BlackElo "2098"]
[PlyCount "66"]
[EventDate "2015.??.??"]
[WhiteTeam "ESV Lok Döbeln"]
[BlackTeam "SC Emmendingen"]

1. b4 d5 2. Bb2 Nf6 3. e3 Bf5 4. Nf3 e6 5. a3 Nbd7 6. c4 Be7 7. d4 O-O 8. Nbd2
c6 9. Be2 Ne4 10. O-O a5 11. c5 b5 12. Ne5 Nxe5 13. dxe5 Nxd2 14. Qxd2 Qc7 15.
g4 Bg6 16. f4 Be4 17. Bc3 axb4 18. axb4 Qb7 19. Qb2 Rxa1 20. Rxa1 Ra8 21. Rxa8+
Qxa8 22. Qa1 Qxa1+ 23. Bxa1 Kf8 24. h3 Ke8 25. g5 h6 26. h4 Bc2 27. Bc3 Bb3 28.
Kf2 Bc4 29. Bf3 Bd3 30. Kg3 hxg5 31. hxg5 Bd8 32. Kh4 Kf8 33. Kg3 g6 1/2-1/2

[Event "Pyramiden Cup 2015"]
[Site "Fuerth"]
[Date "2015.09.03"]
[Round "1.43"]
[White "Brunsch, Michael"]
[Black "Haesslein, Rainer"]
[Result "1/2-1/2"]
[WhiteElo "2072"]
[BlackElo "1609"]
[PlyCount "49"]
[EventDate "2015.??.??"]
[WhiteTeam "SC Höchstadt/Aisch"]
[BlackTeam "Wolframs-Eschenbach"]

1. Nf3 d5 2. c4 d4 3. e3 c5 4. b4 dxe3 5. fxe3 cxb4 6. d4 e6 7. Bd3 Nf6 8. O-O
Nc6 9. a3 bxa3 10. Bxa3 Bxa3 11. Nxa3 O-O 12. Qd2 Qe7 13. Rab1 b6 14. Nb5 a6
15. Nc3 Nb4 16. Ne4 Nxd3 17. Qxd3 Nxe4 18. Qxe4 Bb7 19. Qf4 Bxf3 20. Qxf3 Qa7
21. Rb3 Rfc8 22. Qe2 h6 23. Ra3 Qb7 24. Rb3 Qa7 25. Ra3 1/2-1/2

[Event "Pyramiden Cup 2015"]
[Site "Fuerth"]
[Date "2015.09.03"]
[Round "1.44"]
[White "Lechermann, Markus"]
[Black "Weber, Andreas"]
[Result "1-0"]
[WhiteElo "2042"]
[BlackElo "1776"]
[PlyCount "107"]
[EventDate "2015.??.??"]
[WhiteTeam "MTV Ingolstadt"]
[BlackTeam "SC Flörsheim"]

1. d4 d5 2. Bf4 c5 3. e3 Nc6 4. c3 Qb6 5. Qb3 c4 6. Qxb6 axb6 7. a3 Bf5 8. Nd2
b5 9. Rc1 Nf6 10. h3 h6 11. g4 Bh7 12. Bg2 Ne4 13. Nxe4 dxe4 14. Ne2 e6 15. f3
exf3 16. Bxf3 Na5 17. e4 Be7 18. O-O O-O 19. Ng3 Bg5 20. Bxg5 hxg5 21. Rce1 Nb3
22. Rf2 Rad8 23. e5 Rd7 24. Be4 Ra8 25. Ref1 b4 26. axb4 Ra2 27. Bxh7+ Kxh7 28.
Ne4 Kg6 29. Nd6 Rc7 30. Nxf7 Nd2 31. Rxd2 Rxf7 32. Rxf7 Kxf7 33. Kg2 Ra1 34.
Rf2+ Ke7 35. Kg3 Rg1+ 36. Rg2 Rd1 37. Kf3 Rd3+ 38. Ke4 b5 39. Rh2 Rd1 40. h4
gxh4 41. Rxh4 Rd2 42. Kf4 Rxb2 43. Kg5 Rc2 44. Rh3 Rd2 45. Kg6 Rd3 46. Rh7 Rxc3
47. Rxg7+ Kd8 48. Rb7 Rd3 49. Rxb5 Rxd4 50. g5 Rd5 51. Rxd5+ exd5 52. Kf6 c3
53. g6 c2 54. g7 1-0

[Event "Pyramiden Cup 2015"]
[Site "Fuerth"]
[Date "2015.09.03"]
[Round "1.45"]
[White "Braun, Kristin"]
[Black "Bildt, Maximilian"]
[Result "0-1"]
[WhiteElo "1735"]
[BlackElo "1976"]
[PlyCount "104"]
[EventDate "2015.??.??"]
[WhiteTeam "SC Forchheim"]
[BlackTeam "SK Zirndorf"]

1. d4 Nf6 2. Nf3 c5 3. e3 d5 4. b3 Nc6 5. Bb2 cxd4 6. exd4 Bg4 7. Nbd2 e6 8.
Bd3 Bd6 9. c3 Rc8 10. Rc1 O-O 11. O-O Bf4 12. Rc2 Bb8 13. h3 Bh5 14. Re1 Qc7
15. g4 Bg6 16. Bxg6 hxg6 17. Ba3 Nxd4 18. Nxd4 Qh2+ 19. Kf1 Qxh3+ 20. Ke2 Qxg4+
21. N2f3 e5 22. Bxf8 Rxf8 23. Rg1 Qe4+ 24. Kf1 exd4 25. Nxd4 Rc8 26. Qe2 Be5
27. f3 Qf4 28. Rg2 Ne4 29. Rg4 Ng3+ 30. Rxg3 Qxg3 31. Qd2 Bxd4 32. Qxd4 Qxf3+
33. Rf2 Qh1+ 34. Ke2 Re8+ 35. Kd2 Qe1+ 36. Kd3 Qe4+ 37. Kd2 Qxd4+ 38. cxd4 f5
39. Kd3 Kf7 40. Rc2 f4 41. Rc5 f3 42. Rc1 g5 43. Rg1 Kg6 44. Rg3 Rf8 45. Rg1 f2
46. Rf1 g4 47. Ke2 g3 48. a3 Kg5 49. b4 Kg4 50. a4 Re8+ 51. Kd2 Kf3 52. Kd1 g2
0-1

[Event "Pyramiden Cup 2015"]
[Site "Fuerth"]
[Date "2015.09.03"]
[Round "1.46"]
[White "Hirn, Oskar"]
[Black "Kuespert, Helmut"]
[Result "1-0"]
[WhiteElo "2212"]
[BlackElo "1934"]
[PlyCount "67"]
[EventDate "2015.??.??"]
[WhiteTeam "SC NT Nürnberg"]
[BlackTeam "1.FC Marktleuthen"]

1. d4 Nf6 2. c4 c5 3. d5 b5 4. a4 bxc4 5. Nc3 d6 6. e4 g6 7. Nf3 Bg7 8. Nd2 O-O
9. Be2 Bb7 10. Nxc4 Nbd7 11. O-O Ne8 12. Bf4 Ba6 13. Qd2 Rb8 14. Nb5 Bxb5 15.
axb5 Rxb5 16. Rxa7 Nb6 17. Na5 Rxb2 18. Qxb2 Bxb2 19. Nc6 Nc8 20. Rb7 Qc7 21.
Rxc7 Nxc7 22. Rb1 Bf6 23. Rb7 Na8 24. Bh6 Bg7 25. Bg5 e6 26. Rb8 Ncb6 27. Bd8
exd5 28. exd5 Nxd5 29. Rxa8 Nc3 30. Bf3 d5 31. Ne7+ Kh8 32. Nxd5 Nxd5 33. Bxd5
c4 34. Bxc4 1-0

[Event "Pyramiden Cup 2015"]
[Site "Fuerth"]
[Date "2015.09.03"]
[Round "1.47"]
[White "Naumann, Thomas"]
[Black "Saathoff, Richard"]
[Result "0-1"]
[WhiteElo "1760"]
[BlackElo "2106"]
[PlyCount "53"]
[EventDate "2015.??.??"]
[WhiteTeam "ESV Lok Döbeln"]
[BlackTeam "SW Nürnberg Süd"]

1. d4 Nf6 2. Nf3 g6 3. c4 Bg7 4. Nc3 O-O 5. e4 d6 6. h3 Na6 7. Bd2 e5 8. d5 Nh5
9. Be2 Qe8 10. Qc1 f5 11. Bh6 Nf4 12. Bxg7 Kxg7 13. g3 Nxe2 14. Kxe2 Nc5 15.
Nd2 Qf7 16. b4 fxe4 17. bxc5 Qxf2+ 18. Kd1 e3 19. Nde4 e2+ 20. Nxe2 Qf3 21. Re1
Qxe4 22. cxd6 cxd6 23. Qa3 Rf3 24. Qxd6 Rd3+ 25. Kc1 Qxc4+ 26. Kb1 Bf5 27.
Qxe5+ 0-1

[Event "Pyramiden Cup 2015"]
[Site "Fuerth"]
[Date "2015.09.03"]
[Round "1.48"]
[White "Willim, Michael"]
[Black "Meyer, Thomas"]
[Result "1-0"]
[WhiteElo "2100"]
[BlackElo "1755"]
[PlyCount "75"]
[EventDate "2015.??.??"]
[WhiteTeam "SC Erlangen"]
[BlackTeam "Bergstedter SK"]

1. c4 f5 2. g3 Nf6 3. Bg2 g6 4. Nc3 d6 5. e3 Bg7 6. Nge2 O-O 7. O-O e5 8. d3
Nc6 9. Rb1 Be6 10. Nd5 Rb8 11. b4 Ne7 12. Qb3 c6 13. Nxe7+ Qxe7 14. b5 Nd7 15.
Ba3 c5 16. Bb2 g5 17. f4 gxf4 18. exf4 Qf7 19. Rbe1 e4 20. Nc3 Nf6 21. Nd1 d5
22. cxd5 Bxd5 23. Qa3 b6 24. Nc3 Ng4 25. Nxd5 Qxd5 26. Bxg7 Kxg7 27. Qc3+ Kg8
28. dxe4 fxe4 29. Rxe4 Qxa2 30. Re7 Rf7 31. Rxf7 Kxf7 32. h3 Nf6 33. Ra1 Qe6
34. Rxa7+ Kg8 35. Bf1 Kf8 36. Bc4 Nd5 37. Qg7+ Ke8 38. Qh8+ 1-0

[Event "Pyramiden Cup 2015"]
[Site "Fuerth"]
[Date "2015.09.03"]
[Round "1.49"]
[White "Navratil, Robert"]
[Black "Weber, Alexander"]
[Result "1/2-1/2"]
[WhiteElo "2121"]
[BlackElo "1801"]
[PlyCount "66"]
[EventDate "2015.??.??"]
[WhiteTeam "ASK Salzburg"]
[BlackTeam "SC Erlangen"]

1. e4 c6 2. d4 d5 3. exd5 cxd5 4. c4 Nf6 5. Nc3 g6 6. Qb3 Bg7 7. cxd5 O-O 8.
Be2 Na6 9. Bf3 Qd6 10. Nge2 Nb4 11. Nb5 Qb6 12. Qxb4 a6 13. Nec3 axb5 14. Qc5
Qxc5 15. dxc5 b4 16. Nd1 Bg4 17. Bxg4 Nxg4 18. Bd2 Rfd8 19. Bxb4 Rxd5 20. O-O
Rd4 21. Bc3 Rc4 22. Re1 e6 23. Bxg7 Kxg7 24. Ne3 Nxe3 25. Rxe3 Rxc5 26. Rb3
Rxa2 27. Re1 Rc2 28. Rb1 Rc7 29. g3 Ra5 30. Re1 Kf6 31. Re4 Rd5 32. Reb4 Rf5
33. g4 Rg5 1/2-1/2

[Event "Pyramiden Cup 2015"]
[Site "Fuerth"]
[Date "2015.09.03"]
[Round "1.50"]
[White "Eck, Mathias"]
[Black "Heinrich, Leon"]
[Result "1-0"]
[WhiteElo "2085"]
[BlackElo "1612"]
[PlyCount "81"]
[EventDate "2015.??.??"]
[WhiteTeam "SFDarmstadt"]
[BlackTeam "SW Nürnberg Süd"]

1. c4 c5 2. Nc3 Nf6 3. Nf3 Nc6 4. g3 e6 5. Bg2 Be7 6. O-O d5 7. cxd5 exd5 8. d4
h6 9. dxc5 Bxc5 10. e3 Be6 11. Ne2 Qd7 12. a3 Bh3 13. b4 Bxg2 14. Kxg2 Bb6 15.
Bb2 O-O 16. Bxf6 gxf6 17. Nf4 Rfd8 18. Ra2 Ne7 19. Nd4 a6 20. Rd2 Rac8 21. Nh5
Qd6 22. Qg4+ Ng6 23. Nf5 Qe6 24. Nf4 Qe4+ 25. f3 Qe8 26. Rfd1 Kh7 27. Qh5 Nxf4+
28. exf4 Qf8 29. Qh4 Kg6 30. g4 Rc3 31. Qh5+ Kh7 32. g5 fxg5 33. fxg5 Rc6 34.
Nxh6 Kg7 35. Nf5+ Kg8 36. Nh6+ Kg7 37. Nf5+ Kg8 38. Qg4 Rc4 39. Qh5 Rc6 40. Re2
Rc3 41. Ne7+ 1-0

[Event "Pyramiden Cup 2015"]
[Site "Fuerth"]
[Date "2015.09.03"]
[Round "1.51"]
[White "Dreiseitel, Werner"]
[Black "Diller, Peter"]
[Result "0-1"]
[WhiteElo "1568"]
[BlackElo "2053"]
[PlyCount "88"]
[EventDate "2015.??.??"]
[WhiteTeam "SGem Fürth"]
[BlackTeam "SK Rothenburg"]

1. d4 e6 2. Nf3 d5 3. Bf4 c5 4. c3 Nc6 5. e3 Nf6 6. h3 Be7 7. Be2 Bd7 8. Nbd2
c4 9. Qc2 b5 10. O-O O-O 11. e4 dxe4 12. Nxe4 Nd5 13. Bd6 Bxd6 14. Nxd6 Nce7
15. Nb7 Qc7 16. Nc5 Rad8 17. Nxd7 Qxd7 18. Ne5 Qc7 19. Bf3 h6 20. a4 a6 21.
axb5 axb5 22. Ra6 Ra8 23. Rfa1 Rxa6 24. Rxa6 Rb8 25. Bxd5 Nxd5 26. Nc6 Rc8 27.
Nb4 Nxb4 28. cxb4 Qb7 29. Ra5 Rd8 30. Qd2 Qb6 31. Qe3 Rxd4 32. Qe5 Rd5 33. Ra8+
Kh7 34. Qe4+ f5 35. Qe2 Qd6 36. Ra1 Re5 37. Rd1 Rxe2 38. Rxd6 Rxb2 39. Rxe6
Rb1+ 40. Kh2 Rxb4 41. Kg3 c3 42. Kf3 c2 43. Rc6 Rc4 44. Rxc4 bxc4 0-1

[Event "Pyramiden Cup 2015"]
[Site "Fuerth"]
[Date "2015.09.03"]
[Round "1.52"]
[White "Krauss, Josef"]
[Black "Spinnler, Wolfgang"]
[Result "1-0"]
[WhiteElo "2098"]
[BlackElo "1650"]
[PlyCount "95"]
[EventDate "2015.??.??"]
[WhiteTeam "SK Schweinfurt"]
[BlackTeam "SC Landskrone"]

1. e4 d5 2. exd5 Qxd5 3. Nc3 Qd6 4. d4 Nf6 5. Nf3 a6 6. g3 Bg4 7. Bg2 c6 8. O-O
e6 9. Bf4 Qd8 10. h3 Bxf3 11. Bxf3 Bd6 12. Be5 Bxe5 13. dxe5 Nd5 14. Ne4 O-O
15. c4 Ne7 16. Bg2 Qc7 17. Qd6 Qxd6 18. exd6 Nf5 19. Rfd1 Nd7 20. b4 Rab8 21.
c5 Nh6 22. Rdc1 Nf5 23. Rd1 Nh6 24. Rab1 Rfd8 25. g4 Kf8 26. Rdc1 Ng8 27. g5 g6
28. a4 f5 29. Nd2 h6 30. h4 hxg5 31. hxg5 e5 32. Rc3 e4 33. f3 exf3 34. Nxf3
Re8 35. Nd4 Re5 36. Bxc6 Ke8 37. Bg2 Nf8 38. b5 axb5 39. Rxb5 Re1+ 40. Kf2 Rd1
41. Ne2 Ne6 42. Bxb7 Kd8 43. Bg2 Rxb5 44. axb5 Nxg5 45. c6 Ne4+ 46. Bxe4 fxe4
47. c7+ Kc8 48. b6 1-0

[Event "Pyramiden Cup 2015"]
[Site "Fuerth"]
[Date "2015.09.03"]
[Round "1.53"]
[White "Paul, Arthur"]
[Black "Suess, Stefan"]
[Result "0-1"]
[WhiteElo "1509"]
[BlackElo "2004"]
[PlyCount "108"]
[EventDate "2015.??.??"]
[WhiteTeam "SW Nürnberg Süd"]
[BlackTeam "SC NT Nürnberg"]

1. e4 d5 2. exd5 Qxd5 3. Nc3 Qd6 4. Nf3 Nf6 5. Be2 a6 6. d3 b5 7. Be3 Bb7 8.
Qd2 Nbd7 9. O-O e6 10. Bf4 Qb6 11. Rfc1 Rd8 12. Nd1 c5 13. c3 Be7 14. Ne3 Nh5
15. Ng4 Nxf4 16. Qxf4 h5 17. Nge5 Nxe5 18. Nxe5 Bf6 19. Qe3 Qd6 20. Nf3 Rh6 21.
Rd1 Rg6 22. Ne1 Bg5 23. Qh3 h4 24. Bf3 Bc8 25. Be4 e5 26. Bf5 Bxf5 27. Qxf5 Qe6
28. Qxe6+ Rxe6 29. Nf3 Bf6 30. h3 Kf8 31. Rd2 Kg8 32. Rad1 Red6 33. Kf1 g5 34.
a3 b4 35. axb4 cxb4 36. d4 e4 37. Nh2 bxc3 38. bxc3 Rc8 39. Rc2 Rxd4 40. Rxd4
Bxd4 41. Ke2 Rxc3 42. Rxc3 Bxc3 43. Ng4 Kh7 44. f3 exf3+ 45. gxf3 a5 46. Kd3
Bg7 47. Ne3 Kg6 48. Ke4 a4 49. Nc2 Bb2 50. f4 a3 51. Kf3 a2 52. Kg4 f5+ 53. Kf3
a1=Q 54. Nxa1 Bxa1 0-1

[Event "Pyramiden Cup 2015"]
[Site "Fuerth"]
[Date "2015.09.03"]
[Round "1.54"]
[White "Berger, Stefan"]
[Black "Im Brook, Jens"]
[Result "1-0"]
[WhiteElo "1996"]
[BlackElo "1500"]
[PlyCount "57"]
[EventDate "2015.??.??"]
[WhiteTeam "Schweiz"]
[BlackTeam "SF Rot"]
[WhiteTeamCountry "SUI"]

1. Nf3 d5 2. d4 e6 3. c4 Nf6 4. g3 c6 5. Qc2 h6 6. Bg2 Bd6 7. b3 Nbd7 8. Bb2
O-O 9. Nbd2 Re8 10. Ne5 Bc7 11. O-O Nxe5 12. dxe5 Nd7 13. Nf3 Nf8 14. Rfd1 Qe7
15. Rac1 Ng6 16. h4 Bb6 17. a4 Bd7 18. Ra1 a5 19. Rac1 Rad8 20. Bc3 dxc4 21.
bxc4 c5 22. Rb1 Bc7 23. h5 Nf8 24. Rxb7 Bc6 25. Rbb1 Nh7 26. Nd2 Bxg2 27. Kxg2
Qg5 28. Rh1 Bxe5 29. Nf3 1-0

[Event "Pyramiden Cup 2015"]
[Site "Fuerth"]
[Date "2015.09.03"]
[Round "1.55"]
[White "Boese, Christina"]
[Black "Beesk, Kevin"]
[Result "0-1"]
[WhiteElo "1499"]
[BlackElo "1921"]
[PlyCount "102"]
[EventDate "2015.??.??"]
[WhiteTeam "SC Bechhofen"]
[BlackTeam "SK Neumarkt"]

1. e4 c5 2. d3 Nc6 3. g3 g6 4. Bg2 Bg7 5. Nc3 e6 6. Be3 d6 7. Nge2 Nd4 8. O-O
Rb8 9. f4 Ne7 10. Bf2 Nec6 11. a3 O-O 12. g4 f5 13. g5 b5 14. Ng3 Qc7 15. h4 b4
16. Nb1 bxa3 17. Nxa3 Rxb2 18. h5 Rb8 19. hxg6 hxg6 20. c3 Nb5 21. exf5 Nxc3
22. Qd2 exf5 23. Nb1 Rxb1 24. Raxb1 Nxb1 25. Bd5+ Kh7 26. Rxb1 Nd4 27. Bxd4
Bxd4+ 28. Kf1 Rh8 29. Qh2+ Kg7 30. Qe2 Kf8 31. Re1 Qd8 32. Be6 Bb7 33. Bc4 Rh7
34. Bb5 Re7 35. Qxe7+ Qxe7 36. Rxe7 Kxe7 37. Ke2 a6 38. Bc4 d5 39. Bb3 Bc6 40.
Nf1 Kd6 41. Nd2 a5 42. Nf3 Bg7 43. Ke3 a4 44. Ba2 d4+ 45. Ke2 Bd5 46. Bxd5 Kxd5
47. Nd2 a3 48. Nb3 c4 49. Nc1 Bf8 50. Na2 cxd3+ 51. Kxd3 Bd6 0-1

[Event "Pyramiden Cup 2015"]
[Site "Fuerth"]
[Date "2015.09.03"]
[Round "1.56"]
[White "Seitner, Ralf"]
[Black "Roeckl, Adelbert"]
[Result "1-0"]
[WhiteElo "2080"]
[BlackElo "1587"]
[PlyCount "75"]
[EventDate "2015.??.??"]
[WhiteTeam "SK Ingolstadt"]
[BlackTeam "Zabo-Eintracht Nbg"]

1. d4 d5 2. Bf4 Nf6 3. e3 c6 4. c4 Bg4 5. f3 Bf5 6. Nc3 e6 7. Qb3 Qc8 8. g4 Bg6
9. h4 h5 10. g5 dxc4 11. Bxc4 Nd5 12. Bxd5 exd5 13. Rc1 Qd7 14. Nge2 Na6 15. a3
Be7 16. Bg3 O-O 17. Nf4 Bf5 18. Nxh5 b5 19. Be5 f6 20. gxf6 Bxf6 21. Bxf6 gxf6
22. Rg1+ Kh8 23. Ne2 Qd6 24. Nef4 Nc7 25. Qc3 Rae8 26. Kf2 Rg8 27. Rxg8+ Rxg8
28. Qxc6 Qxc6 29. Rxc6 Ne8 30. Nxd5 Bh3 31. Nhf4 Bd7 32. Rc5 Rg7 33. Nc7 Nxc7
34. Rxc7 Bf5 35. Rxg7 Kxg7 36. e4 Bd7 37. d5 Kh6 38. b4 1-0